|
|
|
|
| LEADER |
00825pam a22002418a 4500 |
| 001 |
00022056 |
| 005 |
20171026081025.0 |
| 008 |
110527s1978 ||||||Viesd |
| 041 |
0 |
# |
|a Vie
|
| 082 |
1 |
4 |
|a 891.72
|b K302
|
| 100 |
0 |
# |
|a Gorki, M
|
| 245 |
0 |
0 |
|a Kịch
|b Ba vở
|c M. Gorki; Hồng Phi dịch
|
| 260 |
# |
# |
|a H.
|b Văn Học
|c 1978
|
| 300 |
# |
# |
|a 454 tr.
|c 19 cm.
|
| 650 |
# |
4 |
|a Liên Xô
|
| 650 |
# |
4 |
|a Văn học hiện đại
|
| 653 |
# |
# |
|a Kịch
|
| 700 |
0 |
# |
|a Hồng Phi
|e Dịch
|
| 852 |
# |
# |
|b Kho mượn
|j KM.0009845, KM.0009846, KM.0011558, KM.0011559, KM.0011367
|
| 852 |
# |
# |
|b Kho đọc
|j KD.0007388
|
| 852 |
# |
# |
|j KD.0007388
|j KM.0009845
|j KM.0009846
|j KM.0011558
|j KM.0011367
|j KM.0011559
|
| 910 |
0 |
# |
|a kìm
|d 27/05/2011
|
| 980 |
# |
# |
|a Trung tâm Học liệu Lê Vũ Hùng, Trường Đại học Đồng Tháp
|